000 00442nam a2200157 a 4500
001 000011227
005 20200929162407.0
008 091015s1973 dr 000 0 spa d
040 _aDO-SdBNP
_bspa
_cBNPHU
082 _axxx
_bR696l
100 1 _aRodríguez Fiol, Manuel M.
_926789
245 1 3 _aLa mártir del Maguana /
_cManuel M. Rodríguez Fiol.
260 _aSanto Domingo :
_bAngel,
_c1973.
300 _a74 p. ;
_c22 cm.
049 _aBNPD
999 _c10946
_d10946